000 00407nam a22001697a 4500
005 20180226121854.0
008 160524b xxu||||| |||| 00| 0 eng d
020 _a81-7188-366-4
041 _aeng
082 _b4741
_a330.218
100 _aShah, Parth J.
_91180
245 _aMorality of Markets
260 _aNew Delhi
_bAcademic Faundation
300 _a355
650 _aManagement
_9241
942 _cBK
999 _c1606
_d1605